Vista normal Vista MARC

Entrada Materia (tema)

Número de registros utilizados en: 1

001 - CONTROL NUMBER

  • control field: 100338

003 - CONTROL NUMBER IDENTIFIER

  • control field: Co-BoUCM

005 - DATE AND TIME OF LATEST TRANSACTION

  • control field: 20200310163528.0

008 - FIXED-LENGTH DATA ELEMENTS

  • fixed length control field: 200310|| aca||aabn | a|a d

040 ## - CATALOGING SOURCE

  • Original cataloging agency: Co-BoUCM
  • Transcribing agency: Co-BoUCM

150 ## - HEADING--TOPICAL TERM

  • Topical term or geographic name as entry element: Deudor y acreedor
  • Form subdivision: Congresos, conferencias, etc
  • Geographic subdivision: Colombia

670 ## - SOURCE DATA FOUND

  • Source citation: Work cat.: (Co-BoUCM)317417: Congreso Colombiano de Derecho Concursal Cartagena de Indias, Colombia 2014 100336, Derecho concursal "trascendiendo paradigmas concursales", 2014